Jojo's Bizarre Adventure - Scenarios - Statistics

General Stats
  • This quiz has been taken 68 times
    43 since last reset
  • The average score is 7 of 8
Answer Stats
Question Answer % Correct
You're interrogating an enemy stand user and need sure answers. Heaven's Door
97%
You broke your mom's favorite vase! She's gonna be so mad... Crazy Diamond
95%
You lost your wallet; it could be anywhere! Harvest
95%
You're having some tummy issues, and you've been feeling pretty sore. Pearl Jam
92%
What's that? A road roller! Don't get crushed! Star Platinum
89%
The remote is just a little too out of reach, and you don't really feel like getting up. Stone Free
89%
You're going to be late to work if you can't hurry! Wheel of Fortune
82%
Someone's chasing you, hide quick! Metallica
58%
No matching quizzes found
Score Distribution
Percent of People with Each Score
Percentile by Number Answered
Your Score History
You have not taken this quiz since the last reset